| 000 | 00730nam a2200181 a 4500 | ||
|---|---|---|---|
| 001 | 000035359 | ||
| 005 | 20200930074302.0 | ||
| 008 | 111027s1966 sp 000 0 spa d | ||
| 040 |
_aDO-SdBNP _bspa _cBNPHU |
||
| 082 |
_axxxx _bxxxx |
||
| 100 | 1 |
_aOrtega y Gasset, José _961150 |
|
| 245 | 1 | 3 |
_aEl tema de nuestro tiempo : _bel ocaso de las revoluciones. El sentido histórico de la teoría de Einstein. Ni vitalismo ni racionalismo / _cJosé Ortega y Gasset. |
| 250 | _a16a ed. | ||
| 260 |
_aMadrid, : _bRevista de occidente, _c1966. |
||
| 300 |
_a187 p. : _b18 cm. |
||
| 504 | _aIncluye referencias bibliográficas y notas al pie de las páginas | ||
| 590 | _aPerteneció a la biblioteca personal de Juan Isidro Jimenes Grullón. | ||
| 999 |
_c34850 _d34850 |
||